Meeting the Infrastructure Challenge in Latin America and the Caribbean (Record no. 542032)
[ view plain ]
| 000 -LEADER | |
|---|---|
| fixed length control field | 00532cam a22001572 b4500 |
| 020 ## - INTERNATIONAL STANDARD BOOK NUMBER | |
| International Standard Book Number | 0821330284 (Trade Paper) |
| 020 ## - INTERNATIONAL STANDARD BOOK NUMBER | |
| International Standard Book Number | 9780821330289 |
| 082 ## - DEWEY DECIMAL CLASSIFICATION NUMBER | |
| Classification number | 336.098 |
| Author Mark | MEE |
| -- | D |
| 110 2# - MAIN ENTRY--CORPORATE NAME | |
| Corporate name or jurisdiction name as entry element | World Bank Staff |
| 9 (RLIN) | 37115 |
| 245 10 - TITLE STATEMENT | |
| Title | Meeting the Infrastructure Challenge in Latin America and the Caribbean |
| Statement of responsibility, etc. | Meet |
| 260 ## - PUBLICATION, DISTRIBUTION, ETC. | |
| Place of publication, distribution, etc. | Washington : |
| Name of publisher, distributor, etc. | World Bank Publications |
| Date of publication, distribution, etc. | Aug. 1995 |
| 520 8# - SUMMARY, ETC. | |
| Summary, etc. | Annotation |
| 526 ## - STUDY PROGRAM INFORMATION NOTE | |
| Program name | 0 |
| Interest level | 0 |
| Reading level | 0 |
| Title point value | 336_098000000000000_MEE |
| 856 40 - ELECTRONIC LOCATION AND ACCESS | |
| Uniform Resource Identifier | <a href="http://www.columbia.edu/cgi-bin/cul/resolve?clio7919540">http://www.columbia.edu/cgi-bin/cul/resolve?clio7919540</a> |
| 942 ## - ADDED ENTRY ELEMENTS (KOHA) | |
| Source of classification or shelving scheme | |
| Koha item type | Book |
| Withdrawn status | Lost status | Source of classification or shelving scheme | Damaged status | Not for loan | Permanent Location | Current Location | Date acquired | Total Checkouts | Full call number | Barcode | Date last seen | Copy number | Price effective from | Koha item type |
|---|---|---|---|---|---|---|---|---|---|---|---|---|---|---|
| Military College of Engineering (MCE) | Military College of Engineering (MCE) | 09/18/2013 | 336.098 MEE | MCE-42047 | 09/18/2013 | 1 | 09/18/2013 | Book |
